Micro perspectives of tourism and hospitality/ (Record no. 98716)

MARC details
000 -LEADER
fixed length control field 00991nam a22002777a 4500
003 - CONTROL NUMBER IDENTIFIER
control field URS
005 - DATE AND TIME OF LATEST TRANSACTION
control field 20260223111430.0
008 - FIXED-LENGTH DATA ELEMENTS--GENERAL INFORMATION
fixed length control field 260223b |||||||| |||| 00| 0 eng d
020 ## - INTERNATIONAL STANDARD BOOK NUMBER
International Standard Book Number 9786214093021
040 ## - CATALOGING SOURCE
Original cataloging agency DLC
Language of cataloging eng
Transcribing agency DLC
Modifying agency URS
Description conventions rda
050 ## - LIBRARY OF CONGRESS CALL NUMBER
Classification number G 155
Item number .D6319 2025
100 ## - MAIN ENTRY--PERSONAL NAME
Personal name Disimulacion,Maria Arlene (Bam) Tuazon
245 ## - TITLE STATEMENT
Title Micro perspectives of tourism and hospitality/
Statement of responsibility, etc. Maria Arlene (Bam) Tuazon-Disimualcion.-
250 ## - EDITION STATEMENT
Edition statement second edition-
264 ## - PRODUCTION, PUBLICATION, DISTRIBUTION, MANUFACTURE, AND COPYRIGHT NOTICE
Place of production, publication, distribution, manufacture Mandaluyong City:
Name of producer, publisher, distributor, manufacturer Books Atbp. Publishing Corp.,
Date of production, publication, distribution, manufacture, or copyright notice c2025
300 ## - PHYSICAL DESCRIPTION
Extent xii,
Other physical details 313 pages :illustrations (black and white)
Dimensions 26 centimeters.
336 ## - CONTENT TYPE
Source rdacontent
Content type term text
Content type code txt
337 ## - MEDIA TYPE
Source rdamedia
Media type term unmediated
Media type code n
338 ## - CARRIER TYPE
Source rdacarrier
Carrier type term volume
Carrier type code nc
504 ## - BIBLIOGRAPHY, ETC. NOTE
Bibliography, etc. note Includes bibliography.
546 ## - LANGUAGE NOTE
Language note In English text.
650 ## - SUBJECT ADDED ENTRY--TOPICAL TERM
Source of heading or term Tourism and Hospitality management
650 ## - SUBJECT ADDED ENTRY--TOPICAL TERM
Source of heading or term Tourism - Philippines
650 ## - SUBJECT ADDED ENTRY--TOPICAL TERM
Source of heading or term Hospitality - Philippines
942 ## - ADDED ENTRY ELEMENTS (KOHA)
Source of classification or shelving scheme Library of Congress Classification
Koha item type Filipiniana
Edition second edition
Classification part G 155
Item part .D6319
Holdings
Withdrawn status Source of classification or shelving scheme Damaged status Not for loan Home library Current library Shelving location Date acquired Total Checkouts Full call number Barcode Date last seen Price effective from Koha item type Collection code Source of acquisition Copy number
  Library of Congress Classification     Angono College Library Angono College Library Filipiniana Section 02/23/2026   G 155 .D6319 2025 URSANG-7686 02/23/2026 02/23/2026 Filipiniana      
  Library of Congress Classification     Antipolo College Library Antipolo College Library Filipiniana Section 10/23/2025   G 155 .A1 .T7906 2025 URSANT-06289 03/19/2026 03/19/2026 Filipiniana Non-fiction Purchased 1
  Library of Congress Classification     Antipolo College Library Antipolo College Library Filipiniana Section 10/23/2025   G 155 .A1 .T7906 2025 URSANT-06290 03/19/2026 03/19/2026 Filipiniana Non-fiction Purchased 2

University of Rizal System
Email us at univlibservices@urs.edu.ph

Visit our Website www.urs.edu.ph/library